E-governance democracy and administration strategy / (Record no. 81245)

MARC details
000 -LEADER
fixed length control field 00709nam a22002057a 4500
005 - DATE AND TIME OF LATEST TRANSACTION
control field 20131220112027.0
010 ## - LCCN (DPL NO)
LC control number ENG-108895
020 ## - INTERNATIONAL STANDARD BOOK NUMBER
International Standard Book Number 9789382983057
Terms of availability 1195.00
035 ## - SYSTEM CONTROL NUMBER
System control number EN-92428
037 ## - SOURCE OF ACQUISITION
Source of stock number/acquisition DBAD/PUB
082 ## - DEWEY DECIMAL CLASSIFICATION NUMBER
Classification number 352.3802854
100 ## - MAIN ENTRY--PERSONAL NAME
Personal name Miluwi, Joshua O.
245 ## - TITLE STATEMENT
Title E-governance democracy and administration strategy /
Statement of responsibility, etc by Joshua O. Miluwi [and] Hina Rashid
260 ## - PUBLICATION, DISTRIBUTION, ETC. (IMPRINT)
Place of publication, distribution, etc New Delhi
Name of publisher, distributor, etc Manglam Publications
Date of publication, distribution, etc 2013
270 ## - ADDRESS
Address K-129 Gali No. 3 Near Shiv Om Jwelers 3-1/2 Pusta Gautam Vihar
City New Delhi
Postal code 110053
300 ## - PHYSICAL DESCRIPTION
Extent 346p.
Dimensions 22cm(Hb)
500 ## - GENERAL NOTE
General note Includes bibliographical references and index
700 ## - ADDED ENTRY--PERSONAL NAME
Personal name Hina Rashid
942 ## - ADDED ENTRY ELEMENTS (KOHA)
Source of classification or shelving scheme Dewey Decimal Classification
Item type English Books
Call number suffix MIL
Classification part 352.3802854
Holdings
Withdrawn status Lost status Not for loan Collection code Home library Current library Date acquired Source of acquisition Cost, normal purchase price Full call number Barcode Copy number Cost, replacement price Koha item type
    Not For Loan Non-fiction D.B.Act.Division D.B.Act.Division 18/12/2013 DBAD/PUB 1195.00 352.3802854 MIL EN-92428 1 1195.00 English Books

© Delhi Public Library
Hit Counter
free hit counter